000 00652nam a2200277Ia 4500
005 20260324132223.0
008 008 260324s9999 xx 000 0 eng d
020 _a9780080456416
037 _aEBOOK
040 _aCRL
040 _beng
040 _cCRL
041 _2eng
041 _aeng
084 _qCRL
100 _aSuzanne Keene
_91188460
245 0 _aFragments of the World: Uses of Museum Collections
260 _bTaylor and Francis
260 _c2005
365 _a
365 _b230
856 _uhttp://www.taylorfrancis.com/books/9780080456416
942 _cEBOOK
999 _c1786380
_d1786380